01291nam a2200361 a 450000100060000000300080000600500170001400600190003100700150005000800410006502000180010603500230012403500240014703500250017103500210019604000260021705000240024308000100026708200160027710000230029324501740031626000440049030000110053453301640054565000310070965000210074065500270076170000240078870000190081271000190083185600620085099900170091225072FlNmELB20241216215807.0m o d | cr cn|||||||||201111r2010 sp |||||s|||||||||||spa d z9788433023988 a(MiAaPQ)EBC3195193 a(Au-PeEL)EBL3195193 a(CaPaEBR)ebr10498522 a(OCoLC)929303770 aFlNmELBbspacFlNmELB 4aLB3013.3bK886 2010 a37.0604a371.7822221 aKowalski, Robin M.10aCyber bullyingh[recurso electronico] :bel acoso escolar en la era digital /cRobin Kowalski, Susan Limber, Patricia Agatston ; [traducción, Francisco Campillo Ruiz]. aBilbao :bDesclée de Brouwer,c[2010] a312 p. aRecurso electrónico. Santa Fe, Arg.: e-libro, 2015. Disponible vía World Wide Web. El acceso puede estar limitado para las bibliotecas afiliadas a e-libro. 0aViolencia en las escuelas. 0aSchool violence. 4aLibros electrónicos.1 aAgatston, Patricia.1 aLimber, Susan.2 ae-libro, Corp.40uhttps://elibro.net/ereader/politecnicointernacional/47913 c25072d25072